Państwa 5-literowe - Statystyki

Ogólne statystyki
  • Ten quiz został rozwiązany 42 razy
    39 od ostatniego zresetowania
  • Średni wynik to 13 z 24
Statystyki odpowiedzi
Hint Odpowiedź % Poprawnych
Europa Dania
74%
Ameryka Południowa Chile
71%
Azja Jemen
71%
Afryka Ghana
66%
Afryka Benin
63%
Afryka Egipt
63%
Azja Liban
63%
Azja Chiny
60%
Afryka Kenia
57%
Oceania Palau
57%
Azja Rosja
57%
Azja Indie
54%
Oceania Nauru
54%
Afryka Niger
54%
Afryka Gabon
51%
Oceania Tonga
51%
Oceania Fidżi
49%
Ameryka Północna Haiti
49%
Afryka Libia
49%
Azja Katar
46%
Azja Nepal
46%
Afryka Sudan
46%
Azja Syria
46%
Europa Malta
43%
Nie znaleziono quizów pasujących do podanych kryteriów
Rozkład punktacji
Procent ludzi z każdym wynikiem
Percentyl według liczby udzielonych odpowiedzi
Twoja historia wyników
Nie rozwiązałeś tego quizu od ostatniego zresetowania